书目信息 |
| 题名: |
非线性编辑应用基础
|
|
| 作者: | 冯锡增 主编 | |
| 分册: | ||
| 出版信息: | 北京 中国广播电视出版社 2000 |
|
| 页数: | 324页 | |
| 开本: | 20cm | |
| 丛书名: | 21世纪广播电视职业教育丛书 | |
| 单 册: | ||
| 中图分类: | G220.7 , TP391.41 | |
| 科图分类: | ||
| 主题词: | 电视工作--dian shi gong zuo--编辑工作--图形软件,Adobe Premiere RT 5.1--教材 | |
| 电子资源: | ||
| ISBN: | 7-5043-3528-2 | |
| 000 | 01151cam 2200301 450 | |
| 001 | CAL 012000926048 | |
| 005 | 20070702172448.53 | |
| 010 | @a7-5043-3528-2@dCNY19.00 | |
| 100 | @a20000911d2000 ekmy0chiy0121 ea | |
| 101 | 0 | @achi |
| 102 | @aCN@b110000 | |
| 105 | @aak a 000yy | |
| 200 | 1 | @a非线性编辑应用基础@AFei Xian Xing Bian Ji Ying Yong Ji Chu@f主编冯锡增 |
| 210 | @a北京@c中国广播电视出版社@d2000 | |
| 215 | @a324页@c图@d20cm | |
| 225 | 2 | @a21世纪广播电视职业教育丛书@A21 shi ji guang bo dian shi zhi ye jiao yu cong shu@i《电视节目制作》系列教材@f刘爱清主编 |
| 300 | @a国家广播电影电视总局规划专业教材。 | |
| 320 | @a有书目(第324页) | |
| 330 | @a本书介绍了非线性编辑系统、Adobe Premiere RT 5.1菜单视窗简介、项目的设置、监视器视窗和时间标尺视窗、视频编辑等内容。 | |
| 410 | 0 | @12001 @a21世纪广播电视职业教育丛书 |
| 410 | 0 | @12001 @a电视节目制作系列教材 |
| 606 | 0 | @a电视工作@Adian shi gong zuo@x编辑工作@x图形软件,Adobe Premiere RT 5.1@j教材 |
| 610 | 0 | @aAdobe Premiere |
| 690 | @aG220.7@v4 | |
| 690 | @aTP391.41@v4 | |
| 701 | 0 | @a冯锡增@AFeng Xizeng@4主编 |
| 801 | 0 | @aCN@bPFT@c20070702 |
| 905 | @a10447@dG220.7@e48 | |
| 非线性编辑应用基础/主编冯锡增.-北京:中国广播电视出版社,2000 |
| 324页:图;20cm.-(21世纪广播电视职业教育丛书.《电视节目制作》系列教材/刘爱清主编) |
| 国家广播电影电视总局规划专业教材。 |
| ISBN 7-5043-3528-2:CNY19.00 |
| 本书介绍了非线性编辑系统、Adobe Premiere RT 5.1菜单视窗简介、项目的设置、监视器视窗和时间标尺视窗、视频编辑等内容。 |
| ● |
| 相关链接 |
|
|
|
|
正题名:非线性编辑应用基础
索取号:G220.7/48
 
预约/预借
| 序号 | 登录号 | 条形码 | 馆藏地/架位号 | 状态 | 备注 |
| 1 | 0653589 | 206535891 | 密集书库/ [索取号:G220.7/48] | 在馆 | |
| 2 | 0653595 | 206535953 | 第一样本阅览室/ [索取号:G220.7/48] | 在馆 | |
| 3 | 0653596 | 206535962 | 密集书库/ [索取号:G220.7/48] | 在馆 | |
| 4 | 0764776 | 207647769 | 密集书库/ [索取号:G220.7/48] | 在馆 |